Essentials of Economics in Context (Record no. 1678239)
[ view plain ]
| 000 -LEADER | |
|---|---|
| fixed length control field | 00546 a2200205 4500 |
| 005 - DATE AND TIME OF LATEST TRANSACTION | |
| control field | 20260309131019.0 |
| 008 - FIXED-LENGTH DATA ELEMENTS--GENERAL INFORMATION | |
| fixed length control field | 260309b |||||||| |||| 00| 0 eng d |
| 020 ## - INTERNATIONAL STANDARD BOOK NUMBER | |
| International Standard Book Number | 9781032596761 |
| 040 ## - CATALOGING SOURCE | |
| Transcribing agency | SDCL |
| 041 ## - LANGUAGE CODE | |
| Source of code | eng |
| Language code of text/sound track or separate title | eng |
| 084 ## - COLON CLASSIFICATION NUMBER | |
| Classification number | X R5 |
| 100 ## - MAIN ENTRY--PERSONAL NAME | |
| Personal name | Goodwin, Neva |
| 245 ## - TITLE STATEMENT | |
| Title | Essentials of Economics in Context |
| 250 ## - EDITION STATEMENT | |
| Edition statement | 2nd |
| 260 ## - PUBLICATION, DISTRIBUTION, ETC. | |
| Place of publication, distribution, etc. | New York : |
| Name of publisher, distributor, etc. | Routledge, |
| Date of publication, distribution, etc. | 2025. |
| 300 ## - PHYSICAL DESCRIPTION | |
| Extent | xxxiv, 576p. |
| 700 ## - ADDED ENTRY--PERSONAL NAME | |
| Personal name | Harris, Jonathan M. |
| 700 ## - ADDED ENTRY--PERSONAL NAME | |
| Personal name | Rajkanikar, Pratistha joshi |
| 942 ## - ADDED ENTRY ELEMENTS (KOHA) | |
| Koha item type | Textual |
| Source of classification or shelving scheme | Colon Classification (CC) |
| 100 ## - MAIN ENTRY--PERSONAL NAME | |
| -- | 1131355 |
| 700 ## - ADDED ENTRY--PERSONAL NAME | |
| -- | 1131356 |
| 700 ## - ADDED ENTRY--PERSONAL NAME | |
| -- | 1131357 |
| 999 ## - | |
| -- | 1678239 |
| -- | 1678239 |
| Withdrawn status | Lost status | Source of classification or shelving scheme | Damaged status | Not for loan | Home library | Current library | Date acquired | Source of acquisition | Cost, normal purchase price | Inventory number | Total checkouts | Full call number | Barcode | Date last seen | Cost, replacement price | Price effective from | Koha item type |
|---|---|---|---|---|---|---|---|---|---|---|---|---|---|---|---|---|---|
| Colon Classification (CC) | South Campus Library | South Campus Library | 2025-12-26 | 50 | 5818.54 | 28 & 26/12/2025 | X R5 | SC1691754 | 2025-12-26 | 7273.18 | 2025-12-26 | Textual |
